គ្រួពេទ្យជើងបួន / (Record no. 9144)
[ view plain ]
| 000 -LEADER | |
|---|---|
| fixed length control field | 04374nam a22002897a 4500 |
| 001 - CONTROL NUMBER | |
| control field | 9144 |
| 003 - CONTROL NUMBER IDENTIFIER | |
| control field | FISKH |
| 005 - DATE AND TIME OF LATEST TRANSACTION | |
| control field | 20251125123550.0 |
| 008 - FIXED-LENGTH DATA ELEMENTS--GENERAL INFORMATION | |
| fixed length control field | 251125b cb ||||| |||| 00| 0 eng d |
| 020 ## - INTERNATIONAL STANDARD BOOK NUMBER | |
| International Standard Book Number | 9789995070496 |
| 040 ## - CATALOGING SOURCE | |
| Original cataloging agency | FISKH |
| Language of cataloging | khr |
| Transcribing agency | FISKH |
| Modifying agency | FISKH |
| 082 ## - DEWEY DECIMAL CLASSIFICATION NUMBER | |
| Classification number | 398.209596 |
| 100 ## - MAIN ENTRY--PERSONAL NAME | |
| Personal name | Somnang , Mao |
| 245 ## - TITLE STATEMENT | |
| Title | គ្រួពេទ្យជើងបួន / |
| Statement of responsibility, etc. | រៀបរៀងដោយ អ្នកស្រី ម៉ៅ សំណាង , រចនារូបភាពដោយ លោក ឯម សត្យា |
| 260 ## - PUBLICATION, DISTRIBUTION, ETC. | |
| Place of publication, distribution, etc. | ភ្នំពេញ : |
| Name of publisher, distributor, etc. | បណ្ណាគារ បន្ទាយស្រី , |
| Date of publication, distribution, etc. | 2007. |
| 300 ## - PHYSICAL DESCRIPTION | |
| Extent | 24 pages : |
| Other physical details | color illustrations ; |
| Dimensions | 25 cm . |
| 505 ## - FORMATTED CONTENTS NOTE | |
| Formatted contents note | O <br/> |
| 520 ## - SUMMARY, ETC. | |
| Summary, etc. | មានសេដ្ឋីម្នាក់មានកូនប្រុស៥នាក់ ។ កូនបង៤នាក់សុទ្ធតែមានរូបសម្បត្តិស្អាតបាត តែកូនប្រុសពៅកំបុតជើងទាំងពីរ ។ សេដ្ឋីនិងភរិយាក៏អោយអ្នកបំរើយកកូនទៅបណ្តែតទឹកចោល ។ លោកគ្រូពេទ្យបានរើសទារកពិការមកចិញ្ចឹមដោយក្តីអានិត ។ នាងទាសីដែលបានយកទារកបោះចូលមិនដាច់ចិត្តក៏តាមមកដល់ផ្ទះលោកគ្រូពេទ្យ ហើយសុំលោកគ្រូពេទ្យនៅជាមួយដើម្បីថែរក្សាទារកកំសត់ ។ ក្រោយទារកកំសត់ចម្រើនវ័យគេក៏បានក្លាយជាគ្រូពេទ្យ អ្នកស្រុកហៅគាត់ថាជាគ្រូពេទ្យជើងបួន។ គេធ្វើដំណើរដោយប្រើអង្រឹងស្នែង ។ ថ្លែងពីលោកសេដ្ឋីដែលជាឪពុក លោកបានធ្លាក់ខ្លួនឈឺ លោកគ្រូពេទ្យជើងបួនបានមកព្យាបាល ហើយលោកសេដ្ឋីសន្យាថាបើព្យាបាលលោកជាលោកនឹងប្រគល់ទ្រព្យសម្បត្តិអោយទាំងអស់ ។ ក្រោយពីព្យាបាលរួច នាងទាសីក៏ប្រាប់រឿងរ៉ាវទាំងអស់ទៅលោកសេដ្ឋីថាលោកគ្រូពេទ្យជើងបួនគីជាកូនប្រុសពៅ ។ លោកសេដ្ឋីនិងភរិយាយំអោបកូន ហើយពួកគេក៏បានរស់នៅជាមួយគ្នាយ៉ាងសុខសាន្ត ៕ |
| 520 ## - SUMMARY, ETC. | |
| Summary, etc. | There was a wealthy man who had five sons. The four older sons were all handsome and perfect in appearance, but the youngest was born with both legs disabled. The rich man and his wife ordered a servant to abandon the baby by setting him adrift on the water. A doctor found the disabled infant and raised him with compassion. The servant woman, who had been ordered to dispose of the baby, felt guilty and followed the child to the doctor’s house, asking to stay and help care for the unfortunate infant.<br/><br/>As the child grew, he eventually became a doctor himself, and the villagers called him “the Four-Legged Doctor,” for he traveled using crutches.<br/><br/>Meanwhile, the wealthy father fell gravely ill. The Four-Legged Doctor came to treat him, and the rich man promised that if he were cured, he would give all his property to the doctor. After the treatment was successful, the servant woman revealed the truth—that the Four-Legged Doctor was actually his youngest son.<br/><br/>The rich man and his wife wept as they embraced their child, and they all lived together happily ever after. |
| 521 8# - TARGET AUDIENCE NOTE | |
| Target audience note | 600 <br/> |
| Source | Lexile estimate <br/> |
| 521 8# - TARGET AUDIENCE NOTE | |
| Target audience note | O <br/> |
| Source | Raz-Plus <br/> |
| 650 ## - SUBJECT ADDED ENTRY--TOPICAL TERM | |
| Topical term or geographic name entry element | គ្រូពេទ្យជើងបួន |
| Form subdivision | រឿអនិទានកុមារ |
| 650 ## - SUBJECT ADDED ENTRY--TOPICAL TERM | |
| Topical term or geographic name entry element | The four legged doctor |
| Form subdivision | Children's stories |
| 700 ## - ADDED ENTRY--PERSONAL NAME | |
| Personal name | Satya, Eam |
| Relator term | Illustrator |
| 942 ## - ADDED ENTRY ELEMENTS (KOHA) | |
| Source of classification or shelving scheme | Dewey Decimal Classification |
| Koha item type | Khmer Books |
| Suppress in OPAC | No |
| Withdrawn status | Lost status | Source of classification or shelving scheme | Damaged status | Not for loan | Collection | Home library | Current library | Shelving location | Date acquired | Total Checkouts | Full call number | Barcode | Date last seen | Price effective from | Koha item type |
|---|---|---|---|---|---|---|---|---|---|---|---|---|---|---|---|
| Dewey Decimal Classification | Khmer Language Books / សៀវភៅភាសាខ្មែរ | Footprints International School Library Network Toul Tom Poung Campus | Footprints International School Library Network Toul Tom Poung Campus | TTP Primary Khmer Bookshelves | 11/25/2025 | SAM 398.209596 | 2025-4900 | 11/25/2025 | 11/25/2025 | Khmer Books |
